Gracia Barrios: Obra reciente 2003-2007.

Tallennettuna:
Bibliografiset tiedot
Aineistotyyppi: Kirja
Julkaistu: Santiago, Chile: Museo Nacional de Bellas Artes, 2007.
Aiheet:
Tagit: Lisää tagi
Ei tageja, Lisää ensimmäinen tagi!

MARC

LEADER 00000nam a2200000 a 4500
001 UCH8798
003 CL-VaPUC
005 20240805093345.0
008 230413t2007 ||||| |||| 00| 0 eng d
999 |c 338905  |d 338903 
040 |c Pontificia Universidad Católica de Valparaíso 
082 0 4 |a 750.983 GRA 2007  |2 21 
245 1 0 |a Gracia Barrios: Obra reciente 2003-2007. 
260 |a Santiago, Chile:  |b Museo Nacional de Bellas Artes,  |c 2007. 
300 |a sin paginación; ilustraciones. 
500 |a Exposición Balmes-Barrios: obra reciente 2003-2007 Museo Nacional de Bellas Artes durante los meses de septiembre y octubre 
583 |a last modification  |c 20091211 00:00:00  |k Rodrigo Vera 
600 0 |a Barrios, Gracia  |2 CL-VaPUC  |9 475171 
650 0 |a Artistas chilenos  |9 344566 
650 0 |a Pintura chilena  |9 266171 
650 0 |a Exposiciones  |9 265884 
942 |c BK  |2 ddc 
945 |d 20091211 00:00:00  |a dcastane 
952 |0 0  |1 0  |2 ddc  |4 0  |6 750_983000000000000_GRA_2007  |7 0  |8 R  |9 432192  |a BIBART  |b BIBART  |d 2019-11-22  |i 4624858  |l 3  |m 1  |o 750.983 GRA 2007  |p 4624858  |r 2025-03-13  |s 2022-10-17  |w 2019-11-22  |y BK  |k ART 
952 |0 0  |1 0  |2 ddc  |4 0  |6 750_983000000000000_GRA_2007  |7 0  |8 R  |9 589579  |a BIBART  |b BIBART  |d 2023-04-11  |e 45  |g 8910.00  |i 5657084  |o 750.983 GRA 2007  |p 5657084  |r 2025-03-13  |t 2  |v 8910.00  |w 2023-04-11  |y BK  |k ART